Інформатика та комп'ютерна техніка: активізація навчання (Запис № 332032)

МАРК-запис
000 -Лідер
fixed length control field 00935nam a22002777a 4500
001 - Контрольний номер
control field 45933
003 - Ідентифікатор контрольного номера
control field UA-OsUOA
005 - Дата та час останнього входження (трансакції)
control field 20230504161241.0
007 - Фіксоване поле фізичного опису
fixed length control field ta
008 - Елементи даних фіксованої довжини – загальна інформація
fixed length control field 20070522b un ||||| |||| 00| 0 ukr d
020 ## - Міжнародний стандартний книжковий номер (ISBN)
Міжнародний стандартний книжковий номер (ISBN) (НП) 9665748858
040 ## - Джерело каталогізації
Агенція оригінальної каталогізації UA-OsUOA
Мова каталогізації ukr
Агенція, яка здійснювала перезапис UA-OsUOA
Агенція, яка здійснювала модифікацію UA-OsUOA
041 ## - Код мови
Код мови тексту/ звукової доріжки чи окремого заголовка (П) ukr
080 ## - Індекс Універсальної десяткової класифікації
Індекс Універсальної десяткової класифікації (УДК) (НП) 004(075.8)
090 ## - Локальний шифр розміщення
Класифікаційний індекс УДК 004(075.8)
Авторський знак (НП) К95
100 ## - Основне введення – ім’я особи
Ім’я особи (НП) Кучерява Т. О.
245 ## - Відомості про назву
Назва (НП) Інформатика та комп'ютерна техніка: активізація навчання
Решта назви (НП) практикум для індивідуальної роботи
260 ## - Публікація, розповсюдження і т.п. (Вихідні дані)
Місце публікації, розповсюдження і т.п. (П) К.
Ім’я/ наймення видавництва, розповсюджувача і т.п. (П) КНЕУ
Дата публікації, розповсюдження і т.п. (П) 2006
300 ## - Фізичний опис
Обсяг 448 с.
650 #7 - Додаткове предметне введення – тематичний термін
Тематичний термін чи географічна назва, як елемент введення (НП) 00 Загальні питання науки і культури
Джерело заголовка чи терміна UDC
700 ## - Додаткове введення – ім'я особи
Ім’я особи (НП) Сільченко М. В.
700 ## - Додаткове введення – ім'я особи
Ім’я особи (НП) Шабаліна І. В.
942 ## - Додаткові елементи входу (Коха)
Тип елемента Koha Книги
Source of classification or shelving scheme Universal Decimal Classification
955 ## - Код типу видання за змістом
Код типу видання за змістом (НП) Навчальні видання
Фонди
Стан вилучень Стан втрат Джерело класифікації або схеми стелажів Стан уражень Не для кредиту Постійне місце розташування Поточне розміщення Дата придбання Джерело придбання Вартість, звичайна ціна покупки Інвентарний номер Усього замовленно Повний номер виклику Штрих-код Дата останнього перегляду Дата останньої перевірки Ціна ефективна від Тип елемента Koha Перевірено
    Universal Decimal Classification     ЧЗ - Читальна зала ЧЗ - Читальна зала 22/05/2007 99/2007 36.50 104796 2 004(075.8) К95 104796 07/02/2022 16/12/2019 22/05/2007 Книги  
    Universal Decimal Classification     ЧЗ - Читальна зала ЧЗ - Читальна зала 02/07/2009 101/2009 43.50 122071   004(075.8) К95 122071 07/02/2022   22/05/2007 Книги  
    Universal Decimal Classification     ЧЗ - Читальна зала ЧЗ - Читальна зала 01/10/2007 158/2007 36.50 108425 1 004.7 К95 108425 25/07/2019 25/07/2019 01/10/2007 Книги 23/10/2019